Implementation and Testing of Text Recognition Algorithm on Mobile Devices
Popis vytvárania mobilnej aplikácie na rozpoznávanie textu z grafických obrázkov pre zariadenia Android.
Salvato in:
| Autore principale: | |
|---|---|
| Altri autori: | , |
| Natura: | Capitolo di libro |
| Lingua: | inglese |
| Soggetti: | |
| Tags: |
Nessun Tag, puoi essere il primo ad aggiungerne!!
|
MARC
| LEADER | 00000naa a2200000 4500 | ||
|---|---|---|---|
| 001 | 0262105 | ||
| 005 | 20251210131021.5 | ||
| 041 | 0 | |a eng | |
| 044 | |a SK | ||
| 245 | 1 | 0 | |a Implementation and Testing of Text Recognition Algorithm on Mobile Devices |c Oleg Choporov, I.Y. Lvovich, Juraj Štefanovič |
| 520 | |a Popis vytvárania mobilnej aplikácie na rozpoznávanie textu z grafických obrázkov pre zariadenia Android. | ||
| 610 | 2 | 0 | |a programovanie |
| 610 | 2 | 0 | |a technológie informačné |
| 610 | 2 | 0 | |a technológie mobilné |
| 610 | 2 | 0 | |a technológie komunikačné |
| 610 | 2 | 0 | |a aplikácie mobilné |
| 100 | 1 | |a Choporov, Oleg | |
| 700 | 1 | |a Lvovich, I.Y. | |
| 700 | 1 | |a Štefanovič, Juraj | |